Carregant...

History of University of Kerala /

Dades bibliogràfiques
Autor principal: Sreedhara Menon, A.
Format: Printed Book
Idioma:English
Publicat: Thiruvananthapuram : University of Kerala, 2003.
Edició:1st ed.
Matèries:
LEADER 00822nam a22001937a 4500
008 140707b xxu||||| |||| 00| 0 eng d
999 |c 7220  |d 7220 
082 |a 378.5483   |b SRE 
100 |a Sreedhara Menon, A. 
245 |a History of University of Kerala /  |c A. Sreedhara Menon 
250 |a 1st ed. 
260 |a Thiruvananthapuram :  |b University of Kerala,  |c 2003. 
300 |a 2 v. 
650 |a Education 
650 |a University, Kerala 
650 |a History 
942 |2 ddc  |c BK 
952 |0 0  |1 0  |2 ddc  |4 0  |6 R_378_548300000000000_SRE  |7 0  |9 10222  |a MAIN  |b MAIN  |d 2014-07-07  |e University of Kerala  |g 575.00  |h Vol. 1  |o R 378.5483 SRE  |p 10352  |r 2014-07-07  |t 1  |w 2014-07-07  |y REF 
952 |0 0  |1 0  |2 ddc  |4 0  |6 R_378_548300000000000_SRE  |7 0  |9 10223  |a MAIN  |b MAIN  |d 2014-07-07  |e University of Kerala  |h Vol. 2  |o R 378.5483 SRE  |p 10353  |r 2014-07-07  |t 1  |w 2014-07-07  |y REF